| 000 | 00450nam a2200145Ia 4500 | ||
|---|---|---|---|
| 008 | 230917s9999||||xx |||||||||||||| ||und|| | ||
| 040 |
_e169776 _aMAIN |
||
| 041 | _aEnglish | ||
| 082 | _a891.432741 VH995S | ||
| 100 | _aश्री व्यथित हदय | ||
| 245 | 0 | _aसंध्या का सूर्य | |
| 260 |
_aदिल्ली _bआशा प्रकाशन ग्रह _c1979 |
||
| 300 | _a128 पृ. p. | ||
| 942 | _cHN | ||
| 999 |
_c222476 _d222476 |
||